000 00530nam a2200169 a 4500
001 000014291
005 20200929163547.0
008 091209s1970 dr a 000 0 spa d
040 _aDO-SdBNP
_bspa
_cBNPHU
082 _axxxx
_bS718p
100 1 _aSoto Bello, Rodolfo
_932251
245 1 0 _aPoder adquisitivo de la población /
_cRodolfo Soto Bello, Gumersindo Del Rosario Mota.
260 _aSanto Domingo :
_b[s.n.],
_c1970.
300 _a20 p. :
_bil. ;
_c23 cm.
700 1 _aRosario Mota, Gumersindo del
_932252
049 _aBNPD
999 _c13887
_d13887